00307nam a2200121Ia 4500008004100000041001200041082001100053100001800064245007400082260000600156650000600162700001700168221030s9999 xx 000 0 und d aEnglish a105.23 aJacob Millman 0aPulse Digital & Swithching Wave Formscby Jacob Millman, Herbert Taub c0 aB aHerbert Taub